000 00279nam a2200121 a 4500
008 101026s1976|||| d
100 1 _aMikszáth, Kálmán
245 1 0 _aČierny záprah
260 _bTatran
_aBratislava
_c1976
041 _aslo
020 _c20
044 _axo
_cSK
999 _c12288
_d12288